000 00567ntaaa2200193 4500
003 01
005 20251027202647.0
008 0714s1973 ag 01
040 _aAR-BaBN
_bspa
_cAR-BaBN
_eaacr
_dRIC
082 _a377.1000 L31
100 _aLaquis, Manuel Antonio
_926057
245 _aEl abuso del derecho en el ejercicio de la patria potestad /
_cManuel Antonio Laquis
250 _a1 ed.
260 _aBuenos Aires :
_bAbeledo-Perrot,
_c1963
300 _a93 p
500 _aLa educación religiosa de los menores
650 _aescuela laica
_98720
942 _cBK
999 _c21774
_d21774